000 00722nam a22002297a 4500
003 OSt
005 20140310181916.0
008 130716t xxu||||| |||| 00| 0 eng d
050 _aPE 1121
_b.Sp732 1999
082 _2TR 372.41
_bSch6 1999
100 _aSpache, George D.
_9820
245 _aScholastic, project achievement :
_breading. Book 6. Teacher's resource book /
_cGeorge D. and Evelyn B. Spache.
260 _aNew York :
_bScholastic,
_cc1999.
300 _a32 p. ;
_bill . ;
_c28 cm.
521 _aFaculty
541 _j1
562 _e1
650 _aReading (Elementary)
_992
650 _aReading (Phonetic method)
_9838
650 _aLanguage arts (Elementary)
_9283
942 _2lcc
_cBK-TR
_kTR
999 _c6738
_d6738